Statistiques concernant Aventuriers Koh-Lanta Nicoya

Cliquez ici pour prendre le quiz!

Statistiques générales

  • Ce quiz a été pris 5 fois
  • Le résultat moyen est 11 sur 16

Statistiques - réponses

PlacePrénomÉlimination% Correct
1AmelGagnante
100%
5MaudConseil
100%
2NicolasFinaliste
100%
10AdonisConseil
67%
8BéatriceConseil
67%
3BernardPoteaux
67%
15CarolineConseil
67%
14CélineConseil
67%
7François-XavierConseil
67%
6IsabelleConseil
67%
11JackyConseil
67%
9JimmyConseil
67%
4MarianneQuizz
67%
12PierreConseil
67%
16XavierAbandon Médical
67%
13NellyConseil
33%

Distribution des résultats

Percentile par nombre de réponses

% des personnes avec chaque résultat

Votre développement - résultats

Vous n’avez pas pris ce quiz